000 01341cam a2200337 a 4500
999 _c50438
_d50438
001 1126191
005 20200227162008.0
008 941007s1995 nyuab b 001 0 eng
010 _a 94037275
020 _a0231079664 (acidfree)
020 _a0231079672 (pbk. : acidfree)
040 _aDLC
_cDLC
_dDLC
041 _aeng
050 0 0 _aQL83.15
_b.C65 1995
080 _a333 C-75
082 0 0 _a333.95/16
_220
245 0 0 _aConserving wildlife :
_binternational education and communication approaches /
_cedited by Susan K. Jacobson.
264 _aNew York :
_bColumbia University Press,
_cc1995.
300 _axxxi, 302 p. :
_bill., maps ;
_c24 cm.
440 0 _aMethods and cases in conservation science
_97578
504 _aIncludes bibliographical references (p. [277]-288) and index.
650 0 _aWildlife conservation
_xStudy and teaching
_xActivity programs.
_97579
650 0 _aWildlife conservation
_xCitizen participation.
_97580
650 0 _aWildlife conservation
_xCase studies.
_97581
653 _aმარკეტინგი
653 _aეკონომიკა
700 1 _aJacobson, Susan Kay.
_97582
906 _a7
_bcbc
_corignew
_d1
_eocip
_f19
_gy-gencatlg
942 _2udc
_cBK
955 _apc05 to sa00 10-07-94; jb07 10-14-94 to CLED;jb02 10-19-94; bk rec'd jd00 06-22-95; CIP ver. jd20 06-27-95;